000 00564nam a2200181Ia 4500
999 _c1822
_d1822
003 OSt
005 20201001161730.0
008 190216s9999||||xx |||||||||||||| ||und||
020 _a9781405196833
040 _coclc
082 _a616.079
_bDEL/R
100 _aDelves, Peter J
_95288
245 0 _aRoitt`S Essential Immunology /
_cPeter J Delves , Seamus J Martin , Dennis R Burton , Ivan M Roitt
260 _bWiley-Blackwell,
_aSingapore:
_c2011.
300 _a546p
650 _aBotany
942 _cBK
_2ddc
_h616.079
_iDEL/R
_k616.079
_mDEL/R